| 000 | 00723nam a2200229Ia 4500 | ||
|---|---|---|---|
| 003 | GCL | ||
| 008 | 140319s9999 xx 000 0 ara d | ||
| 040 |
_aGCL / _cGCL |
||
| 082 | 0 | 4 |
_a321.4 _bغ ب |
| 100 | 1 | _aغالى شكرى | |
| 245 | 1 | 0 |
_aبداية التاريخ: من زلزال الخليج الى زوال السوفيت / _cغالى شكرى |
| 260 |
_a[S.N] : _bدار السعادة ، _c1993 |
||
| 300 | _a627 ص | ||
| 490 | _a | ||
| 650 | 0 | 4 | _aالعالم العربى |
| 650 | 0 | 4 | _aالسياسة الدولية |
| 650 | 0 | 4 | _aالديمقراطية |
| 650 | 0 | 4 | _aحرب الخليج |
| 650 | 0 | 4 | _aالبريسترويكا |
| 650 | 0 | 4 | _aالنظام العالمى الحديث |
| 942 |
_2ddc _cBK |
||
| 999 |
_c29298 _d29298 |
||